[Event "EU-ch 12th"]
[Site "Aix les Bains"]
[Date "2011.04.02"]
[Round "11"]
[White "Melkumyan, Hrant"]
[Black "Erdogdu, Mert"]
[Result "0-1"]
[WhiteElo "2593"]
[BlackElo "2423"]
[Annotator "Marchand,A/Primel,D"]
[PlyCount "110"]
[EventDate "2011.03.22"]
[EventType "swiss"]
[EventRounds "11"]
[EventCountry "FRA"]
[SourceTitle "CBM 142 Extra"]
[Source "ChessBase"]
[SourceDate "2011.06.27"]
[SourceVersion "1"]
[SourceVersionDate "2011.06.27"]
[SourceQuality "1"]
[TimeControl "40/5400+30:1800+30"]

1. d4 Nf6 2. c4 g6 3. Nc3 d5 4. Nf3 Bg7 5. Qb3 dxc4 6. Qxc4 O-O 7. e4 Na6 {
[%cal Gc7c5] La variante Prins} (7... a6 8. e5 (8. Be2) (8. Qb3 b5 9. e5 Nfd7 (
9... Be6 $142 10. exf6 $1))) (7... Bg4 8. Be3 Nfd7 9. Qb3 (9. Rd1) (9. O-O-O
Nc6 (9... Nb6) 10. h3 Bxf3 11. gxf3 Nb6 12. Qc5 f5 13. Ne2 Qd6 14. e5 Qxc5+ $5
{Smyslov,V-Botvinnik,M World Championship 21th 1957 (6) 1-0} (14... Qd5 15.
Qxd5+ Nxd5 16. f4 e6 17. Bg2 {Smyslov}))) (7... Nc6 8. Be2 Nd7 9. d5 Nde5 10.
Nxe5 Nxe5 11. Qb3 e6 (11... c6 12. O-O cxd5 13. exd5) 12. O-O exd5 13. exd5 c6
14. Be3 cxd5 15. Nxd5 Be6 16. Rfd1 b6 (16... Nc6 $13) 17. Qb5 Qh4 18. Nc7 $6 {
Janjgava,L (2470)-Khenkin,I (2340) Borzhomi U20 1988 0-1} (18. Rd4 $1 Ng4 $1
19. Bxg4 Bxg4 20. Qb4 h5 21. h3 $13 {Khenkin})) (7... c6 8. Bf4 a5 (8... b5))
8. Be2 (8. e5 Nd7 9. e6 Nb6 10. exf7+ Kh8 11. Qb3 c5 (11... Bf5 $6 12. Be3) 12.
dxc5 Nxc5 13. Qb5 Nca4 14. Bd2 Bd7 $32) (8. Bf4 c5 9. dxc5 Be6 (9... Qa5 10. e5
Nd7 11. a3 Qxc5 12. Nd5) 10. Qb5 Bd7 11. Qxb7 Nxc5 12. Qb4) 8... c5 9. d5 e6
10. O-O exd5 11. exd5 Re8 (11... Bf5 {la grande ligne} 12. Bf4 Qb6 13. Be5 Rad8
) (11... b6 12. Ne5 Nb4 13. Nc6 Nxc6 14. dxc6 Be6 15. Qa4 Qd4 $132) (11... Qa5
12. a3 Bf5 13. Qh4 Rfe8 14. Bh6 $14 Ne4 15. Bxg7 Kxg7 16. Ng5 Nxc3 {Smyslov,
V-Florian,T Budapest-Moscow 1949 (13) 1-0} (16... Nxg5 17. Qxg5)) 12. Rd1 {
[%csl Gd5]} (12. Be3 {[%cal Ge3c5]} Bf5 13. Rad1 Qb6 14. d6 $13 {[%emt 0:33:17]
Gulko,B (2595) -Horvath,C (2485)/ Nova Gorica op 02nd (5)/1/2-1/2}) (12. Bf4
Bf5 (12... b6 13. d6 (13. Rfd1 $5 Nb4 14. Qb3 Bf5 15. Rac1) 13... Nb4 14. Ng5
Qd7 15. Qb3 Rxe2 16. Nxe2 Ba6 17. Nc3 (17. Qd1 Nd3 $13) (17. Rfe1 Re8 18. h3 h6
19. Nf3 Qf5 $13) 17... Bxf1 18. Rxf1 $13 {Annageldyev,O (2365)-Arbakov,V (2415)
URS-ch otbor56 1988 1-0})) 12... Bf5 13. Nh4 $6 (13. d6 $142 h6 14. Bf4 Nd7 15.
Rd2 $14 {[%emt 0:33:07] Karpov,A (2700)-Kasparov,G (2740)/World Championship
34th-KK4 (21)/1/2-1/2}) (13. Bf4) 13... Bd7 14. Nf3 (14. Be3 b5 15. Qb3 c4 16.
Qa3 Rxe3 17. fxe3 Qb6 18. b4 Qxe3+ 19. Kh1 Ne4 {0-1 Richter,M (2428)
-Gabrielian,A (2559)/Pardubice 2010/ CBM 137 Extra}) 14... Qb6 $146 (14... b5
$5 15. Qf4 (15. Nxb5 Re4 $36 {[%csl Rc4]}) 15... Nh5 {Ravia,M (2386)
-Khmelniker,I (2451) Tel Aviv After Holidays GM 2003 (1) 0-1}) 15. a3 Bf5 16.
Be3 Rad8 (16... Qxb2 17. Na4 Qc2 18. Rac1 Qxc4 19. Bxc4 Rad8 20. d6 $44 {
[%csl Gd6,Rf7][%cal Gf3g5]}) 17. Qb5 Bd7 18. Qxb6 axb6 19. Rd2 Ne4 20. Nxe4
Rxe4 21. d6 Bc6 22. Rc1 {[%csl Rc1]} (22. Rad1 $142) 22... Nb8 23. Ng5 Ra4 (
23... Ree8 24. b4 {[%cal Ge3b6]}) 24. Bd1 Ra8 {[%csl Ra8]} 25. Bb3 $36 Rf8 26.
h4 Nd7 27. h5 gxh5 28. Nh3 Rfe8 29. Rcc2 Re5 30. Bf4 Re1+ 31. Kh2 b5 32. Bd5 c4
(32... Rae8 $15) 33. Ng5 h6 34. Nf3 Ree8 35. Bxc6 bxc6 36. Re2 (36. Nd4 $5 {
[%csl Rb5,Rc6]}) 36... Re6 (36... Rxe2 37. Rxe2 Kf8 38. Re7) 37. Rxe6 fxe6 38.
Kh3 e5 39. Be3 Kf7 40. Kh4 Kg6 $17 41. Nd2 Bf6+ 42. Kg3 Kf5 43. Bxh6 e4 44. f3
Rg8+ 45. Kh3 exf3 46. Nxf3 Rg4 47. Re2 Re4 48. Rd2 $2 Kg6 $19 49. Bf8 Nxf8 50.
d7 Ne6 51. Rd6 Nd8 52. a4 bxa4 53. Nd2 Rd4 54. Rxd4 Bxd4 55. Nxc4 Bxb2 0-1

[Event "Moscow op-A"]
[Site "Moscow"]
[Date "2013.02.05"]
[Round "4"]
[White "Sandipan, Chanda"]
[Black "Adhiban, Baskaran"]
[Result "0-1"]
[WhiteElo "2590"]
[BlackElo "2547"]
[Annotator "Mikhalchishin,A"]
[PlyCount "136"]
[EventDate "2013.02.02"]
[EventType "swiss"]
[EventRounds "9"]
[EventCountry "RUS"]
[SourceTitle "CBM 152 Extra"]
[Source "ChessBase"]
[SourceDate "2013.02.25"]
[SourceVersion "1"]
[SourceVersionDate "2013.02.25"]
[SourceQuality "1"]

1. d4 Nf6 2. c4 g6 3. Nc3 d5 4. Nf3 Bg7 5. Qb3 dxc4 6. Qxc4 O-O 7. e4 Nc6 {
This system is less popular here, but it too deserves more serious attention.}
8. Be2 ({Another serious option would be} 8. d5 Na5 9. Qb4) 8... e5 $5 {
This old idea of a pawn sacrifice returned back into top practice recently.} 9.
d5 ({Of course not} 9. dxe5 Ng4 10. O-O Ngxe5 11. Nxe5 Nxe5 12. Qb3 Nc6 13. Qa4
{1/2 Spassov,L (2475)-Simic,R (2485)/Vrnjacka Banja 1984/MCD}) 9... Nd4 10.
Nxd4 exd4 11. Qxd4 c6 {In this critical position White has several options:}
12. Qc4 (12. d6 Re8 $1 (12... Nd5 13. Qd3 Nxc3 14. bxc3 Qf6 15. Bb2 Rd8 16. Rd1
Qe6 17. f4 Qxa2 18. Rd2 Qa5 19. Qe3 Bd7 20. Kf2 Re8 21. Ra1 Qd8 22. c4 Bxb2 23.
Rxb2 b6 24. Bf3 Qh4+ 25. Kg1 $16) 13. Qd3 b5 14. f3 b4 15. Nd1 Re6 16. Qc2 Nh5
17. Be3 Be5 18. g3 Rxd6 19. Qc5 {Morozevich,A (2694)-Vachier Lagrave,M (2722)/
Biel SUI 2011. White got an advantage.}) (12. Qd1 Re8 (12... cxd5 13. exd5 b6
14. O-O Bb7 15. Bf3 Qd7 16. Bf4 Rad8 17. Qd2 Nxd5 18. Nxd5 Bxd5 19. Rfd1 Be6
20. Qb4 {Khismatullin,D (2664)-Nepomniachtchi,I (2716)/Tyumen RUS 2012. Black
has problems with a place for his queen.}) 13. O-O Nxe4 14. Nxe4 Rxe4 15. dxc6
Rd4 16. Qb3 bxc6 17. Bc4 Qe8 {Eingorn,V-Kuzmin,G/Harkov 1985. Black did not
fully equalise.} (17... Qc7 18. Re1 Bf5 19. Bg5 Rd7 20. Bxf7+ Kh8 21. Be8 Rd3
22. Qc4 Rc8 23. Re7 Qd6 24. h3 Qd5 25. Qxd5 cxd5 26. Bb5 Rd4 27. Ba6 {Sandipan,
C (2618)-Baron,T (2452)/Benasque ESP 2012. Black awaits a difficult fight for
the draw.})) 12... b5 $1 ({A very interesting deviation (introduced by
Vachier-Lagrave last year) from the old line} 12... cxd5 13. exd5 Bf5 14. O-O
Rc8 15. Qb3 Ne4 16. Nxe4 Bxe4 17. Bf3 Bxf3 18. Qxf3 $14 Rc5 19. Rd1 Re8 20. d6
Qd7 21. Be3 Rc6 22. Rac1 Rec8 23. Rxc6 Rxc6 24. Qh3 {Gyimesi,Z (2624)-Okhotnik,
V (2440)/Hungary HUN 2005; exchanging the blockade piece.}) 13. Qxc6 Bd7 14.
Qd6 Re8 {Black is two pawns down, but is ahead in development and has
significant chances.} 15. f3 ({There is a more or less forced equality in the
variation} 15. Bg5 b4 16. Qxb4 Nxd5 17. Nxd5 Qxg5 18. O-O Rab8 19. Qd6 Bh3 20.
Nf4 (20. Qg3 $6 Qxg3 21. hxg3 Rxb2 $15 22. Bd1 Bd7 23. Bb3 Rxe4 24. Rab1 Kf8
25. Rxb2 Bxb2 26. Rd1 Rd4 27. Rxd4 Bxd4 28. Kf1 h5 29. Bc4 Ke8 30. Nf4 Ke7 31.
Ke2 Be8 32. f3 Be5 33. Ke3 a5 34. g4 hxg4 35. fxg4 g5 {Miton,K (2622)-Vachier
Lagrave,M (2680)/Belfort FRA 2012. The black pair of bishops is becoming the
decisive factor in this position.}) 20... Bg4 21. Bxg4 Be5 $11 {
Shankland-Kurnosov, Biel open 2012.}) 15... Nh5 16. Be3 $5 $146 ({In the game
Meier-So, Saint Louis SPICE Cup 2012 White had tried} 16. g3 f5 17. Bd3 $13 a5
18. Be3 b4 19. Nd1 Nf6 20. e5 Ng4 21. fxg4 Bxe5 22. Qc5 Rc8 23. Qa7 Ra8 24. Qc5
Rc8 25. Qa7 Ra8 26. Qb7 Rb8 {Meier,G (2646)-So,W (2677)/St Louis USA 2012;
with counterplay.}) 16... Be5 ({The best try was} 16... f5 $5 17. g3 fxe4 18.
f4 Nf6 19. Bd4 e3 20. Be5 Ng4 21. Bxg7 Kxg7 22. O-O Nf6 {with counterplay for
the pawn.}) 17. Qa6 Nf4 ({As it seems, White is somewhat better after} 17...
Qh4+ 18. Bf2 $1 ({rather than} 18. Kd2 b4 $13) 18... Bg3 19. hxg3 $1 Qxh1+ 20.
Bf1 b4 21. Ne2 $5 f5 22. exf5 Bxf5 ({if} 22... Rac8 $6 23. fxg6 Ng7 24. Bd4)
23. Rc1) 18. Bxf4 Bxf4 {It is difficult to be sure that Black has enough
compensation, but the fight remains complex.} 19. g3 ({Starting to play for
safety, as} 19. Bxb5 {was possible:} Qh4+ 20. Kf1 Be3 21. Nd1) 19... Be3 $6 ({
Perhaps, Black had to try} 19... b4 $5) 20. Bxb5 $1 Rb8 21. Bxd7 Qxd7 22. Qd3
Bc5 23. O-O-O {Of course, Black has no real compensation for three pawns, but
GMs are sometimes able to lose such positions...} Rb4 24. Rd2 Reb8 25. Rc2 (25.
Kb1 {was simpler}) 25... Qb7 26. b3 a5 27. Rd1 Qb6 28. d6 Rd4 29. Qe2 Ba3+ 30.
Kb1 a4 31. Rxd4 axb3 32. Qb5 $1 bxc2+ 33. Kxc2 Qxd4 34. Qxb8+ Kg7 35. d7 Qxd7
36. Qe5+ (36. Nd5 {was much better:} Qa4+ 37. Qb3 Qa6 38. Qc3+) 36... f6 37.
Qa5 Bd6 38. Qd5 ({Time to run...} 38. a4) 38... Qc7 39. a4 Be5 40. Qd3 g5 41.
g4 h5 ({It was better to take one pawn back with} 41... Bxh2) 42. gxh5 Kh6 43.
Kb3 Qb7+ 44. Qb5 Qf7+ 45. Nd5 Qxh5 46. Qe2 Qf7 47. a5 Qb7+ 48. Nb6 Bd4 49. Qb5
g4 50. Kc4 ({White could keep every chance of a win after the correct} 50. fxg4
$1 Qxe4 51. Qf5 $1 Qe3+ 52. Kc4 ({also good is} 52. Ka4) 52... Qc3+ 53. Kb5 $18
) 50... Be5 51. a6 $2 (51. Qc5 $1 {was still winning:} gxf3 52. Qe3+ {followed
by Kb5!.}) 51... Qc7+ 52. Qc5 gxf3 53. Qxc7 Bxc7 54. Nd5 f2 55. Ne3 Bb6 56. Nf1
Kg5 57. Kd5 Kf4 58. Kc4 Kxe4 59. Kc3 $2 ({A correct way to a draw was} 59. h4
$1 Kf3 60. Kd3 $1 $11 {and if} Kg2 61. Nd2) 59... Kf3 60. Kd3 $2 ({There were
slight chances for a draw after} 60. h4 $17 {with a possible continuation} Ke2
61. Ng3+ Ke1 62. h5 Bc7 63. a7 Bxg3 64. a8=Q Be5+ $1) 60... Kg2 {Now, as it
turns out, Black wins more or less easily.} 61. Ke2 ({Or} 61. Nd2 Kxh2 {and}
62. Ke4 {does not help} Kg2 63. Kf5 Be3 64. Ke6 (64. Kxf6 Bxd2 65. a7 f1=Q+)
64... f5 $1 $19) 61... f5 $1 62. Nd2 f4 $1 63. Kd3 Be3 64. Kc2 f3 65. h4 f1=Q
66. Nxf1 Kxf1 67. h5 Ke2 68. h6 f2 0-1

[Event "Kazan FIDE GP (Women) 4th"]
[Site "Kazan"]
[Date "2012.06.10"]
[Round "1"]
[White "Cmilyte, Viktorija"]
[Black "Lagno, Kateryna"]
[Result "1/2-1/2"]
[WhiteElo "2508"]
[BlackElo "2546"]
[Annotator "Mikhalchishin,A"]
[PlyCount "63"]
[EventDate "2012.06.09"]
[EventType "tourn"]
[EventRounds "11"]
[EventCountry "RUS"]
[EventCategory "11"]
[SourceTitle "CBM 149"]
[Source "ChessBase"]
[SourceDate "2012.07.17"]
[SourceVersion "1"]
[SourceVersionDate "2012.07.17"]
[SourceQuality "1"]

1. d4 Nf6 2. c4 g6 3. Nc3 d5 4. Nf3 Bg7 5. Qb3 dxc4 6. Qxc4 O-O 7. e4 a6 8. Be2
b5 9. Qb3 Bb7 ({The main modern move here is} 9... c5 $5) 10. e5 Nd5 11. a4 ({
Generally it was better to start an attack immediately, as simple development
allows serious counterplay:} 11. O-O Nxc3 (11... c5 12. dxc5 Nd7 13. Nxd5 Nxc5
14. Nxe7+ Qxe7 15. Qb4 $146 Rac8 16. Be3 Bxf3 17. Bxf3 Qxe5 18. Rad1 Na4 19. b3
Nc3 20. Bd4 Ne2+ {1/2 Piket,J (2619)-Sokolov,I (2624)/Wijk aan Zee 74/(491)
1999/Inf 74}) 12. Qxc3 Nd7 {N} (12... Bd5 {Ue 23/631}) 13. Bf4 (13. e6 $6 fxe6
14. Ng5 Rf6 15. Qh3 Nf8) 13... Bd5 (13... Nb6 $5) 14. Rfc1 c6 15. Nd2 f6 16.
Bg3 fxe5 (16... Bh6 $5) 17. dxe5 Qb6 18. Bf3 Rad8 19. Bxd5+ cxd5 20. Nf3 Rf5
21. Re1 b4 22. Qd2 Nb8 23. Nd4 $16 Bh6 (23... Rff8 $2 24. Rac1 Rc8 25. Rxc8
Rxc8 26. Nc2) 24. Qd1 Rf7 25. Qg4 $1 Bd2 (25... Nc6 $5 26. Nxc6 Qxc6 27. Qxb4
e6 {Tukmakov,V}) 26. Re2 h5 27. Qe6 $1 $18 {1-0 Petrosian,T-Gulko,B/Vilnius
1978}) 11... c5 (11... Nxc3 12. bxc3 (12. Qxc3 bxa4 13. Rxa4 Nd7 14. O-O Nb6 (
14... c5 15. dxc5 Qc7 16. Bf4 Qxc5 17. Rc4 Qb6 18. Rd1 Rad8 19. Rc7 Bxf3 20.
Bxf3 Qe6 21. Re1 Rb8 22. b3 Nb6 23. Rc6 Qf5 24. Qe3 g5 25. Bg3 {1-0 Dlugy,M 
(2555)-Chudnovsky,J/Las Vegas 1994/EXT 1997}) 15. Ra5 Qd7 16. Bd2 Rfd8 17. Rc1
Nd5 18. Qa3 Qe6 19. Ra1 Nb6 20. Bxa6 Bd5 21. Qc3 c6 22. Be2 Rab8 23. b4 Bxf3
24. Bxf3 Nc4 25. Be3 $16 {Schein,K (2232)-Rogulj,B (2435)/Mitte AUT 2002})
12... Bd5 13. Qb1 (13. Qc2 $6 c5 14. O-O cxd4 15. cxd4 Nc6 16. axb5 axb5 17.
Rxa8 Qxa8 18. Bb2 b4 19. Bc4 Na5 20. Bxd5 Qxd5 21. Nd2 Rd8 {Batsiashvili,
N-Shukurova,M (2238)/Baku AZE 2002. Black is better.} 22. f4) 13... c6 14. O-O
Nd7 15. Ba3 Nb6 16. axb5 cxb5 17. Rc1 Qc7 18. Qb4 e6 19. Qa5 Rfc8 20. Bd6 Qc6
21. Ne1 Nc4 22. Bxc4 Qxc4 23. Qb4 Qe2 24. Rc2 Qg4 25. h3 Qf4 26. Re2 Qg5 {
Gyimesi,Z (2592)-Mekhitarian,K (2511)/Beijing CHN 2008; with better chances.})
12. axb5 (12. dxc5 {does not give any real chances:} Nd7 $1 13. Nxd5 (13. c6 $1
Bxc6 14. Nxd5 Nc5 15. Qc2 Qxd5 16. Be3 Ne6 17. O-O {1/2 Sideif Sade,F (2395)
-Huzman,A (2465)/Baku 1988/CBM 010} Rac8 18. Rfd1 Qe4 19. Qxe4 Bxe4 20. axb5
axb5 21. Bxb5 Bxf3 22. gxf3 Bxe5 23. Bd7 Rb8 $11) 13... Nxc5 14. Nxe7+ Qxe7 $15
15. Qe3 Nxa4 16. O-O Rac8 {Osterman,R-Jelen,I/Bled SLOchT; with better play.})
12... cxd4 13. bxa6 dxc3 14. Qxb7 Nxa6 $1 ({It is necessary to be active, as} 
14... cxb2 {was much weaker:} 15. Qxb2 Qc8 16. Bd2 Nxa6 17. O-O Nac7 18. Rfc1)
15. Bxa6 Rb8 16. Qa7 ({Or} 16. Qc6 cxb2 17. Bxb2 Rxb2 18. O-O e6 {Black has a
very strong knight and the pawn on e5 will come under attack sooner or later.})
16... cxb2 17. Bxb2 Rxb2 18. O-O e6 19. Rfd1 Qb8 {In the endgame White has to
be very careful with the e5-pawn.} 20. Bc4 Bxe5 ({White would have to suffer a
bit after the correct} 20... Nc3 21. Qxb8 Rfxb8 22. Re1 Rc8) 21. Qxb8 Bxb8 22.
Bxd5 exd5 23. Rxd5 {It's possible to agree a draw now.} Ba7 24. Rd2 Rxd2 25.
Nxd2 Rd8 26. Rxa7 Rxd2 27. g3 h5 28. h4 Kg7 29. Kg2 Rb2 30. Rc7 Rd2 31. Ra7 Rb2
32. Rc7 1/2-1/2

[Event "EU-Cup 15th final"]
[Site "Bugojno"]
[Date "1999.10.30"]
[Round "2"]
[White "Kozul, Zdenko"]
[Black "Mikhalevski, Victor"]
[Result "1-0"]
[WhiteElo "2612"]
[BlackElo "2516"]
[Annotator "Mikhalevski,V"]
[PlyCount "161"]
[EventDate "1999.10.29"]
[EventType "team-k.o."]
[EventRounds "3"]
[EventCountry "BIH"]
[SourceTitle "EXT 2020"]
[Source "ChessBase"]
[SourceDate "2019.10.17"]
[SourceVersion "1"]
[SourceVersionDate "2019.10.17"]
[SourceQuality "1"]
[WhiteTeam "Sarajevo Bosna"]
[BlackTeam "Beer-Sheva Chess Club"]
[WhiteTeamCountry "BIH"]
[BlackTeamCountry "ISR"]

1. d4 Nf6 2. c4 g6 3. Nc3 d5 4. Nf3 Bg7 5. Qb3 dxc4 6. Qxc4 O-O 7. e4 a6 8. e5
Nfd7 (8... b5 {is much more popular these days.}) 9. Be3 b5 10. Qd5 $1 {
N Strong novelty.} ({In case of} 10. Qb3 {black equalizes with the aid of
Timman's} c5 $1 11. e6 cxd4 $1 {=}) 10... Nb6 $1 {Black shouldn't afraid of
queen's exchange.} ({Other options doesn't bring equality.} 10... Ra7 11. e6 (
11. Qb3 $5) (11. Qe4) 11... fxe6 12. Qxe6+ Kh8 13. Ng5 Qe8 14. Qb3 {+=} (14.
Qe4)) (10... c6 11. Qe4 (11. Qb3 c5 $1) 11... Nb6 {~} (11... b4 12. Na4 Qa5 13.
b3 {+=})) 11. Qxd8 Rxd8 12. Be2 Bb7 {/\b4} 13. O-O b4 14. Nd1 c5 $1 {Making
use of unfortunate position of White's knight on d1 black is getting out of
backward pawn and destroys strong pawn chain in the centre.} 15. dxc5 Nd5 16.
Rc1 Nc6 17. Bd2 Rac8 $2 {This is a serious tactical mistake.I have completely
blundered following White's idea.} (17... Nxe5 $5 {was necessary and after} 18.
Nxe5 Bxe5 19. c6 Bc8 {~ Black's chances are not worse.}) 18. Re1 $1 {Very
strong defencive move.Suddenly black rook on c8 becomes a target.} e6 $6 (18...
Nxe5 {was the last chance to re-establish material equality.} 19. Nxe5 Bxe5 20.
Bg4 {I have missed this double attack.} f5 $8 (20... Rc7 $2 {is refuted by} 21.
Rxe5 Nf6 22. Bxb4 {+/- and Black is at least a pawn down.} Nxg4 23. Ba5 $1 Nxe5
$6 (23... Rcd7 $142) 24. Bxc7 Rd5 $2 (24... Nd3 $142) 25. Ne3 {+-}) 21. Bxf5 $1
(21. Rxe5 fxg4 {=}) 21... Bxh2+ 22. Kxh2 gxf5 {+= In the arised position
White's chances are higher as all pawns and squares in Black's camp are weak.})
(18... Bxe5 $5 19. Nxe5 (19. Bxa6 Bxh2+ 20. Kxh2 Bxa6) 19... Nxe5 20. Bxa6 Nf3+
(20... Bxa6 21. Rxe5) 21. gxf3 Bxa6 {+=}) 19. Bf1 {+/- Now White is just a
pawn up.} h6 20. Rc2 Kh7 21. b3 $1 {Another strong idea.The knight on d1 was
the only passive piece.If it comes into the play Black's days will be counted.}
Na7 $6 22. Nb2 Nc3 23. Nd3 $1 {Black defended against penetration of the
knight,but another pawn will be lost.} a5 24. Bxc3 (24. a3 $6 Bxf3 (24... Ncb5
$5) 25. gxf3 (25. Bxc3 $142) 25... Ncb5 {/\Nd4,N:a3}) 24... bxc3 25. Rxc3 {+-}
Nb5 26. Rc4 Bd5 $138 {Following moves were played in the severe time-trouble.}
27. Rcc1 (27. Ra4 $5 {is also sufficient for decisive adge.} Bxf3 28. gxf3 Nd4
29. Kg2 Nc6 30. a3 {/\b4+-}) 27... Bxf3 28. gxf3 Nd4 29. Kg2 Nc6 30. Rc4 Rd5 (
30... Rxd3 {doesn't work as after} 31. Bxd3 Nxe5 32. Rc3 Nxf3 {is met by} 33.
Bxg6+ {+-}) 31. f4 Rcd8 32. Re3 g5 33. fxg5 hxg5 34. h4 Bxe5 35. hxg5 Bd4 36.
Rh3+ Kg7 37. f4 Nb4 38. Nxb4 axb4 39. c6 Bb6 (39... Bc3 {was a bit better,but
can't save} 40. Rhxc3 bxc3 41. Rxc3 {/\c7,Ba6} Rd2+ 42. Kf3 Rxa2 43. b4 {+/-})
40. c7 Rc8 41. Rxb4 Ba5 42. Ra4 Rxc7 43. Rd3 Rc2+ 44. Kf3 Bb6 45. Rxd5 exd5 {
Only at this moment we stoped blitzing and could calmly evaluate the position.
White is probably still winning,but Black has some practical chances.} 46. Kg4
Rf2 {><f4} 47. Bd3 Rg2+ 48. Kf3 Rf2+ 49. Kg3 Rd2 50. Bb5 Be3 {Black has to
stop king side pawns.} 51. Kf3 d4 52. Be2 Bg1 $6 {Strange decision especially
taking in consideration the fact I saw the idea of 57.g6} (52... Bxf4 $142 {
!? was much more stubborn.} 53. Kxf4 Rxe2 54. Rxd4 Rxa2 {and White must
demonstrate a good technics to win the game.}) 53. Bc4 Be3 54. Ke4 $1 Rf2 55.
f5 Rf4+ 56. Ke5 Rg4 57. g6 $1 ({In case of inaccurate} 57. Ra7 $6 {Black gains
some counterchances:} Bf4+ $1) 57... Bf4+ $8 58. Kxd4 fxg6 59. Ra7+ Kf8 60.
Rf7+ Ke8 61. fxg6 Bd6+ $1 62. Kd5 Rxg6 63. Ra7 {Presence of rooks on the board
allows White to win with no big technical problems.} Kd8 64. Bd3 (64. Ra6 Kc7
65. Rc6+ Kd7) 64... Rh6 65. Bf5 (65. Ra6 Bf4) 65... Be7 66. Be6 Rh2 67. Kc6
Rc2+ 68. Bc4 Bb4 69. a4 Ra2 70. Rd7+ Ke8 (70... Kc8 71. Ba6+ Kb8 72. Rb7+) 71.
Rd5 Rd2 72. Re5+ ({But not} 72. Rxd2 $4 Bxd2 {and White can't win.For instance:
} 73. Kb6 (73. Kb5 Kd7 74. b4 Kc7 {=}) 73... Kd7 74. a5 Kc8 75. a6 Be3+ 76. Kc6
Kb8 {=}) 72... Kd8 73. a5 Rd6+ 74. Kb5 Bc3 75. Rh5 Kc7 76. Bd5 Bd2 77. b4 Rh6 {
I knew that White would be able to change the rooks,but slow defence can't
save either.} 78. Rxh6 $1 Bxh6 79. Ka6 $1 {Only this way.In case of all other
moves 79...Bd2 makes a draw (79.a6 Be3)} Bf4 ({Or} 79... Bd2 80. b5 Kd6 81. b6
$1 (81. Kb6 $5) 81... Kc5 (81... Kxd5 82. Kb5 {/\a6-a7-a8}) 82. b7 Bf4 83. Ka7
Kb5 84. a6 Be5 85. Bc4+ $1 {+-}) 80. Bf3 Kd6 81. Kb7 1-0